000 01946cam a22005294i 4500
003 PE-LiUPU
005 20250731173552.0
008 150616s r 000 0 d
020 _a0801497868
035 _a(Sirsi) i9780801497865
040 _aPE-LiUPU
_bspa
_cPE-LiUPU
_erda
049 _aPRUA
082 0 4 _a200.962
_bR71
_221
245 0 0 _aReligion in ancient Egypt :
_bgods, myths, and personal practice /
_ceditado por Byron E. Shafer, colaboradores, John Baines, Leonard H. Lesko, David P Silverman.
264 1 _aIthaca, New York :
_bCornell University Press,
_c1991.
300 _a217 páginas :
_bilustraciones ;
_c24 centímetros
336 _atext
_2rdacontent
337 _aunmediated
_2rdamedia
338 _avolume
_2rdacarrier
504 _aBibliografía: páginas 205-207.
505 0 _aDivinity and deities in ancient Egypt.- Ancient Egyptian cosmogonies and cosmology.- Society, morality, and religious practice.
526 _aSEG42
526 _aSEG41
526 _aSEG40
526 _aSEG39
526 _aP94
526 _aP87
526 _aP86
526 _aP85
526 _aP77
526 _aP76
526 _aP35
650 0 4 _aCosmogonía, Egipto
_xCongresos.
651 _aEgipto
_xReligión
_xCongresos.
700 1 _aBaines, John1946-
700 1 _aLesko, Leonard H.
700 1 _aShafer, Byron E.,
_d1938-,
_eeditor.
_qByron Esely
700 1 _aSilverman, David P
710 2 _a.Fordham University
910 _ajck
_bjvq
_cjck
942 _2ddc
_cBOOK
949 _a200.962 R71
_wDEWEY
_c1
_i43195
_lCCODEBUL1
_mBUL
_r0
_sY
_tBOOK
_u2015-6-16
_xTEOLOGIA
_zUNKNOWN
_0COMPRA
_o.STAFF. Colección General
994 _aC0
_bPEPRU
596 _a1
999 _a200.962 R71
_wDEWEY
_c61155
_i43195
_f2021-11-9
_g5
_lCCODEBUL1
_mBUL
_r0
_sY
_tBOOK
_u2015-6-16
_xTEOLOGIA
_zUNKNOWN
_0COMPRA
_o.STAFF. Colección General
_d61155
980 _81
_gALBERTO SANCHEZ Responsable de Automatización